000 00251nam a22000857a 4500
008 160705b xxu||||| |||| 00| 0 eng d
100 _92086
_a Siddiqi, N., et al
245 _aEducational Technology and Teaching Skills
260 _aDelhi
_b Doaba House
_c2004
999 _c1782
_d1782